Statistics for Top 10 Countries with the most Skyscrapers

Click here to take the quiz!

General Stats

  • This quiz has been taken 24 times
  • The average score is 9 of 10

Answer Stats

Answer% Correct
China
95%
Japan
95%
US
95%
Australia
91%
India
91%
Indonesia
91%
Malaysia
91%
South Korea
91%
UAE
91%
Qatar
82%

Score Distribution

Percentile by Number Answered

Percent of People with Each Score

Your Score History

You have not taken this quiz